000 00586cam a22001814a 4500
005 20250605164034.0
008 250528s ||||||||||||||||||||||||d
035 _a16756
040 _aGR-AtMCL
_bgre
_dGR-AtMCL
_eAACR2
245 1 _aCorydon / του Αντρέ Ζίντ
260 _bΑθήνα,
_c1965
300 _a144
520 _aΠρόλογος, Πρώτος Διάλογος, Δεύτερος Διάλογος, Τρίτος Διάλογος, Τέταρτος Διάλογος.
700 1 _aΖίντ Αντρέ
_92847
942 _cBK
999 _c2225
_d2225